Todo acerca de las Redes de Computadoras / Kevin Stoltz (Registro nro. 12772)

Detalles MARC
000 -LÍDER
fixed length control field 00480nam a2200157 4500
008 - ELEMENTOS DE LONGITUD FIJA -- INFORMACIÓN GENERAL
fixed length control field 0 1995 0a 000 0MEX
020 ## - NÚMERO INTERNACIONAL NORMALIZADO PARA LIBROS
ISBN 968-880-511-4
050 ## - SIGNATURA TOPOGRAFICA DE LA BIBLIOTECA DEL CONGRESO (LC)
Número de Clasificación TK5105.7 S83618
082 ## - NUMERO DE CLASIFICACION DECIMAL DEWEY
Número de Clasificación 001.644.04 S865t
100 ## - ASIENTO PRINCIPAL--NOMBRE PERSONAL
Nombre personal Stoltz, Kevin
245 ## - TÍTULO
Título Todo acerca de las Redes de Computadoras / Kevin Stoltz
260 ## - PUBLICACIÓN, DISTRIBUCIÓN, ETC. (PIE DE IMPRENTA)
Lugar de publicación, distribución, etc. México : Prentice-Hall
300 ## - DESCRIPCIÓN FÍSICA
Extensión xiii, 518 p. / 24 cm.
500 ## - NOTA GENERAL
Nota general Contiene Ap‚ndice, Glosario e Indice
650 ## - ASIENTO SECUNDARIO DE MATERIA - TERMINO TEMÁTICO
Término temático o nombre geográfico como elemento de entrada 1.RED DE AREA LOCAL
Existencias
No. biblioteca No. biblioteca Número de clasificación Código de barras/Número de adquisición Número de copia Tipo de material
LUIS G. INCLAN LUIS G. INCLAN 001.644.04 S865t 21250 1 Libros
LUIS G. INCLAN LUIS G. INCLAN 001.644.04 S865t 34320 4 Libros
LUIS G. INCLAN LUIS G. INCLAN 001.644.04 S865t 34321 5 Libros
Calzada Tecnológico # 27, Zacatepec, Morelos.
01(734) 343-07-23 / 343-21-10 / 343-21-11
Apdo. Postal 45 C.P 62780